| 000 | 01402cam a22004091a 4500 | ||
|---|---|---|---|
| 003 | EG-ScBUE | ||
| 005 | 20220529142059.0 | ||
| 006 | m||||fq||i 00| 0 | ||
| 008 | 101014r20062010enka f 000 0 eng d | ||
| 020 | _a9780194715577 | ||
| 020 | _a9780194716208 (Elementary) | ||
| 020 | _a9780194715577 (Elementary) | ||
| 020 | _a9780194716246 (Pre-intermediate) | ||
| 020 | _a9780194715669 (Pre-intermediate) | ||
| 040 |
_aEG-ScBUE _beng _erda _cEG-ScBUE _dEG-ScBUE |
||
| 082 | 0 | 4 |
_a428.24 _bSOA _222 |
| 100 | 1 |
_aSoars, Liz, _d1945- _eauthor. _913897 |
|
| 245 | 1 | 0 |
_aNew headway plus, _pStudent's book / _cLiz, John Soars. |
| 246 | 3 | 0 | _aStudent's book |
| 250 | _aReprint edition. | ||
| 264 | 1 |
_aOxford ; _aNew York : _bOxford University Press, _c2010. |
|
| 300 |
_a2 volumes : _billustrations ; _c28 cm + _e1 CD |
||
| 336 |
_2rdacontent _atext _btxt |
||
| 336 |
_2rdacontent _asounds _bsnd |
||
| 337 |
_2rdamedia _aunmediated _bn |
||
| 337 |
_2rdamedia _aaudio _bs |
||
| 338 |
_2rdacarrier _avolume _bnc |
||
| 338 |
_2rdacarrier _acomputer disc _bcd |
||
| 500 | _aIncludes appendix. | ||
| 505 | 0 | _aElementary -- Pre-intermediate. | |
| 590 | _aAsmaa mohamed | ||
| 650 | 7 |
_aEnglish language _vTextbooks for foreign speakers. _2BUEsh _920405 |
|
| 653 |
_bHHUUEENN _cDecember2019 |
||
| 655 |
_vReading book _934232 |
||
| 700 | 1 |
_aSoars, John, _d1951- _eauthor. _934639 |
|
| 942 |
_cNB _k428.24 SOA _2ddc |
||
| 999 |
_c5103 _d5103 |
||